000 00566nam a2200169 a 4500
005 20150106144727.0
008 140130b2008 ck ||||| |||| 00| 0 spa d
040 _aCO-BoIAVH
_cCO-BoIAVH
041 _aspa
044 _ack
090 _aIAVH
_b01264
100 _aAlbarracín, Jonathan
_96046
245 _aPlaneación ambiental del Sector de Hidrocarburos para la conservación de la biodiversidad en áreas de interés para la agencia natural de hidrocarburos de Colombia
_bInforme final
260 _aBogotá
_bIAVH
_c2008
300 _a10 p.
942 _cINFORME
_2z
999 _c6719
_d6719